O meu primeiro livro de mitos (Registo nº 2673)

Detalhes MARC
000 -Etiqueta do registo
Cabeçalho 00886nam a22002771 4500
005 - Identificador da versão
Campo de controlo 20240813121941.0
010 ## - Número internacional normalizado dos livros (ISBN)
Número (ISBN) 9722616161
100 ## - Dados gerais de processamento
Dados gerais de processamento 20000626d1999 da y0pory500305 ba
102 ## - Pais de publicação ou produção
País de publicação Portugal
101 1# - Língua de publicação
Língua do texto, banda sonora, etc. Português
Língua do documento no original Inglês
106 ## - Campo de dados codificados: material textual
Dados codificados do material textual r
105 ## - Campo de dados codificados: livros
Dados codificados dos livros a z 001fy
215 ## - Descrição física 
Indicação específica da natureza do documento e extensão da espécie 48 p.
Outras indicações físicas il.
Dimensões 25 cm
200 1# - Titulo e menção de responsabilidade
Título próprio O meu primeiro livro de mitos
Informação de outro título histórias de mitos e lendas de todo o mundo para crianças
Primeira menção de responsabilidade Mary Hoffman
Outras menções de responsabilidade il. Roger Langton e Kevin Kimber
210 ## - Publicação, Distribuição, etc. 
Lugar da edição, distribuição, etc. Porto
Nome do editor, distribuidor, etc. Civilização
Data da publicação, distribuição, etc. 1999
606 ## - Nome comum usado como assunto
Número de registo de entrada de autoridade 0001532
Palavra de ordem Literatura portuguesa infanto-juvenil
Subdivisão de assunto Lendas
-- Mitos
675 ## - Classificação Decimal Universal (CDU)
Notação 821.134.3-34
Edição
Língua da edição por
702 ## - Nome de autor-pessoa física (responsabilidade secundária)
Número de registo de entrada de autoridade 0001534
Palavra de ordem Langton
Outra parte do nome não tomada para palavra de ordem Roger
Código de função Ilustrador / Técnico de desenho computorizado
Número de registo de entrada de autoridade 0001535
Palavra de ordem Kimber
Outra parte do nome não tomada para palavra de ordem Kevin
Código de função Ilustrador / Técnico de desenho computorizado
Número de registo de entrada de autoridade 0000685
Palavra de ordem Sampaio
Outra parte do nome não tomada para palavra de ordem Aureliano
Código de função Tradutor
700 #1 - Nome de autor-pessoa física (responsabilidade principal)
Número de registo de entrada de autoridade 0001533
Palavra de ordem Hoffman
Outra parte do nome não tomada para palavra de ordem Mary
942 ## - Elementos de entrada adicionados (Koha)
Tipo de item no Koha Livro
Exemplares
Situação do levantamento Origin of item (home branch) (coded) Biblioteca de empréstimo Código de barras Cota Circulation type (not for loan) Tipo de documento Nota do exemplar Damaged status
  Biblioteca Escolar da Coca Maravilhas Biblioteca Escolar da Coca Maravilhas BECM4907/00 8EST HOF   Livro Sem mensagem